[Event "Tunja Boyaca op-B"]
[Site "Tunja"]
[Date "2019.08.02"]
[Round "4"]
[White "Torres, Augusto"]
[Black "Lopez Ramirez, Daniel Giovanny"]
[Result "1-0"]
[WhiteElo "1841"]
[BlackElo "1725"]
[PlyCount "49"]
[EventDate "2019.07.31"]
[EventType "swiss"]
[EventRounds "9"]
[EventCountry "COL"]
[SourceTitle "EXT 2020"]
[Source "ChessBase"]
[SourceDate "2019.10.17"]
[SourceVersion "1"]
[SourceVersionDate "2019.10.17"]
[SourceQuality "1"]

1. Nf3 c5 2. g3 Nc6 3. Bg2 g6 4. 0-0 Bg7 5. c3 e5 6. e4 Nge7 7. d3 d5 8. Nbd2 0-0 9. Re1 f5 10. exd5 Nxd5 11. Nc4 Re8 12. Bg5 Qd7 13. Qb3 Kf8 14. Nfxe5 Nxe5 15. Nxe5 Rxe5 16. Rxe5 Bxe5 17. Bxd5 Qc7 18. Re1 Kg7 19. f4 Bf6 20. Re8 Bxg5 21. fxg5 h6 22. c4 Qa5 23. Qc3+ Qxc3 24. gxh6+ Kxh6 25. bxc3 1-0

[Event "Tunja Boyacense op"]
[Site "Tunja"]
[Date "2018.12.14"]
[Round "2"]
[White "Torres, Augusto"]
[Black "Palencia Morales, Wilson Guillermo"]
[Result "0-1"]
[WhiteElo "1859"]
[BlackElo "2326"]
[PlyCount "68"]
[EventDate "2018.12.13"]
[EventType "swiss"]
[EventRounds "7"]
[EventCountry "COL"]
[SourceTitle "CBM 187 Extra"]
[Source "ChessBase"]
[SourceDate "2018.11.04"]
[SourceVersion "1"]
[SourceVersionDate "2018.11.04"]
[SourceQuality "1"]

1. Nf3 d5 2. g3 Nc6 3. d4 Bg4 4. Bg2 Qd7 5. Nc3 Bxf3 6. Bxf3 e5 7. dxe5 d4 8. Nb1 0-0-0 9. Bf4 f6 10. e3 h5 11. Bxh5 Rxh5 12. Qxh5 g5 13. 0-0 gxf4 14. exf4 Re8 15. Qg6 Bc5 16. exf6 Rf8 17. Nd2 Nxf6 18. Ne4 Nxe4 19. Qxe4 Re8 20. Qd3 Qh3 21. Qf3 Nb4 22. Qg2 Qh7 23. Rfe1 Rh8 24. Re5 Bd6 25. Re4 Nxc2 26. Rd1 Qh5 27. g4 Qf7 28. g5 Qf5 29. Rd2 d3 30. Rxd3 Ne1 31. Rxe1 Qxd3 32. g6 Qf5 33. Qe4 Qg4+ 34. Kh1 Rxh2+ 0-1

[Event "COL-ch"]
[Site "Ibague"]
[Date "2013.07.06"]
[Round "9"]
[White "Torres Plaza, Jaime Alberto"]
[Black "Torres, Augusto"]
[Result "1-0"]
[WhiteElo "2052"]
[BlackElo "1812"]
[PlyCount "109"]
[EventDate "2013.07.01"]
[EventType "swiss"]
[EventRounds "11"]
[EventCountry "COL"]
[SourceTitle "EXT 2014"]
[Source "ChessBase"]
[SourceDate "2013.11.20"]
[SourceVersion "1"]
[SourceVersionDate "2013.11.20"]
[SourceQuality "1"]

1. d4 Nf6 2. Nf3 g6 3. c4 Bg7 4. Nc3 d6 5. e4 0-0 6. Be2 Nbd7 7. 0-0 e5 8. d5 Ne8 9. Qc2 f5 10. Ng5 Ndf6 11. Ne6 Bxe6 12. dxe6 f4 13. Nd5 Nxd5 14. cxd5 Qe7 15. f3 Rc8 16. Qa4 c6 17. Bd2 cxd5 18. exd5 a6 19. Qd7 Rc7 20. Qxe7 Rxe7 21. Rac1 g5 22. Bb4 e4 23. fxe4 Bxb2 24. Rc4 Be5 25. Bh5 Nf6 26. Bf7+ Kg7 27. Re1 a5 28. Bxd6 Bxd6 29. e5 Bb4 30. exf6+ Kxf6 31. Rd1 Rd8 32. Kf1 Ke5 33. Rcd4 Kd6 34. R4d3 b6 35. a3 Bc5 36. Ke2 Rf8 37. Kf3 Rfxf7 38. exf7 Rxf7 39. Kg4 h6 40. Re1 Be3 41. a4 Rf6 42. Re2 Ke5 43. Rc2 Bc5 44. d6 Rxd6 45. Rxd6 Kxd6 46. Kh5 Bg1 47. h3 Be3 48. Kg4 Ke5 49. Rc6 h5+ 50. Kxh5 f3 51. gxf3 Kf4 52. Rf6+ Kg3 53. Rf5 Bf4 54. Rxg5+ Kxf3 55. Rf5 1-0

[Event "COL-ch"]
[Site "Ibague"]
[Date "2013.07.01"]
[Round "1"]
[White "Navia Alvarez, Edwin Adrian"]
[Black "Torres, Augusto"]
[Result "1-0"]
[WhiteElo "2094"]
[BlackElo "1812"]
[PlyCount "20"]
[EventDate "2013.07.01"]
[EventType "swiss"]
[EventRounds "11"]
[EventCountry "COL"]
[SourceTitle "EXT 2014"]
[Source "ChessBase"]
[SourceDate "2013.11.20"]
[SourceVersion "1"]
[SourceVersionDate "2013.11.20"]
[SourceQuality "1"]

1. e4 Nf6 2. e5 Nd5 3. d4 e6 4. Bd3 d6 5. Nf3 Be7 6. h4 Nb4 7. exd6 Nxd3+ 8. Qxd3 cxd6 9. Nc3 d5 10. Bf4 Nc6 1-0